Porovnanie založenia úspešného a neúspešného podniku a start-upu
Firmy, ale najmä start-upy, majú kľúčový význam pre hospodárstvo. Zvyšujú inovačný potenciál krajiny, napomáhajú zachovať a zvýšiť konkurencieschopnosť hospodárstva, vytvárajú pracovné miesta a obchodné príležitosti v nových, rýchlo sa rozvíjajúcich odvetviach hospodárstva s vysokou pridanou hodnoto...
Gespeichert in:
| 1. Verfasser: | |
|---|---|
| Weitere Verfasser: | , |
| Format: | Buchkapitel |
| Sprache: | Slowakisch |
| Schlagworte: | |
| Tags: |
Keine Tags, Fügen Sie das erste Tag hinzu!
|
MARC
| LEADER | 00000naa a2200000 4500 | ||
|---|---|---|---|
| 001 | 0296363 | ||
| 005 | 20240417075248.6 | ||
| 041 | 0 | |a slo | |
| 044 | |a SK | ||
| 245 | 1 | 0 | |a Porovnanie založenia úspešného a neúspešného podniku a start-upu |c Peter Malega, Juraj Kováč, Nikola Hnízdilová |
| 520 | |a Firmy, ale najmä start-upy, majú kľúčový význam pre hospodárstvo. Zvyšujú inovačný potenciál krajiny, napomáhajú zachovať a zvýšiť konkurencieschopnosť hospodárstva, vytvárajú pracovné miesta a obchodné príležitosti v nových, rýchlo sa rozvíjajúcich odvetviach hospodárstva s vysokou pridanou hodnotou. Tiež zvyšujú atraktívnosť krajiny z hľadiska zahraničných investícií, sú motorom rozvoja slovenského kapitálového trhu, zvyšujú atraktivitu a prestíž slovenskej ekonomiky na medzinárodnej úrovni. Preto aj podniky, aj startupy majú nezastupiteľné miesto pre ďalší rozvoj krajiny. | ||
| 610 | 2 | 0 | |a podnikanie |
| 610 | 2 | 0 | |a start-up |
| 610 | 2 | 0 | |a úspech pracovný |
| 610 | 2 | 0 | |a podnik |
| 100 | 1 | |a Malega, Peter | |
| 700 | 1 | |a Kováč, Juraj | |
| 700 | 1 | |a Hnízdilová, Nikola | |